邊讀 邊走
| 資料類型: | 圖書 | 書目號: | 53480 |
Leader xxxxxxxxxx 001 __ 102613/6/01 005 __ 20191030163630.412 010 0_ |a978-986-344-594-4|b平裝|d新臺幣480元 042 __ |anbic 100 __ |a20191030d2018 km y0chiy50 e 101 0_ |achi 102 __ |atw 105 __ |aa z 000cy 200 1_ |a邊讀 邊走|f李明璁作 205 __ |a初版 210 __ |a臺北市|c麥田出版|d2018[民107] 215 0_ |a351面|c圖|d21公分 225 12 |a麥田文學|v307 700 _1 |a李|b明璁|4作 681 __ |a855|b8454 801 _0 |atw|bLibDipper|c20191030|gCCR |